| 000 | 00389 a2200133 4500 | ||
|---|---|---|---|
| 082 | _a338.95491. | ||
| 090 |
_c6195 _d6195 |
||
| 100 | _aQurashi,Mazhar M. | ||
| 245 |
_aResearch & Development in Pakistan. _cMazhar M.Qurashi. |
||
| 260 |
_aIslamabad. _bPakistan Council for Science and Technology. _c1991-92. |
||
| 300 | _a394p. | ||
| 500 | _aPaper cover. | ||
| 942 |
_aNBS _cBK _k338.95491 QUR |
||
| 999 |
_c348569 _d348569 |
||